[Event "Torneo Benidorm Gran Hotel Bali 2022"]
[Site "Benidorm, Spain"]
[Date "2022.12.07"]
[Round "6.13"]
[White "Oswaldo Valentin, Requejo Cotrin"]
[Black "Galvan Cipriani, Viviana"]
[Result "1/2-1/2"]
[WhiteElo "2248"]
[BlackElo "2088"]
[PlyCount "106"]
[EventDate "2022.12.03"]
[EventType "swiss"]
[EventRounds "9"]
[SourceTitle "Ajedrez en Madrid"]
[Source "lmi"]
[SourceDate "2022.12.03"]
[SourceVersion "1"]
[SourceVersionDate "2022.12.10"]
[SourceQuality "1"]
[TimeControl "90+30"]
[WhiteClock "0:00:42"]
[BlackClock "0:03:55"]

1. e4 {[%emt 0:00:00]} c5 {[%emt 0:00:00]} 2. d4 {[%emt 0:00:00]} cxd4 {[%emt 0:00:00]} 3. c3 {[%emt 0:00:00]} Nf6 {[%emt 0:00:00]} 4. e5 {[%emt 0:00:00]} Nd5 {[%emt 0:00:00]} 5. Nf3 {[%emt 0:00:00]} Nc6 {[%emt 0:00:00]} 6. Bc4 {[%emt 0:00:00]} Nb6 {[%emt 0:00:00]} 7. Bb3 {[%emt 0:00:00]} d5 {[%emt 0:00:00]} 8. exd6 {[%emt 0:00:00]} Qxd6 {[%emt 0:00:00]} 9. Na3 {[%emt 0:00:00]} dxc3 {[%emt 0:00:00]} 10. Qe2 {[%emt 0:00:00]} g6 {[%emt 0:00:00]} 11. Nb5 {[%emt 0:00:00]} Qb8 {[%emt 0:00:00]} 12. Ng5 {[%emt 0:00:00]} e6 {[%emt 0:00:00]} 13. Ne4 {[%emt 0:00:00]} Be7 {[%emt 0:00:00]} 14. Bh6 {[%emt 0:00:00]} f5 {[%emt 0:00:00]} 15. Bg7 {[%emt 0:00:00]} Rg8 {[%emt 0:00:00]} 16. Nf6+ {[%emt 0:00:00]} Bxf6 {[%emt 0:00:00]} 17. Bxf6 {[%emt 0:00:00]} Kf7 {[%emt 0:00:00]} 18. Bxc3 {[%emt 0:00:00]} a6 {[%emt 0:00:00]} 19. Nd4 {[%emt 0:00:18]} Nd5 {[%emt 0:00:00]} 20. Bxd5 {[%emt 0:01:22]} exd5 {[%emt 0:00:00]} 21. O-O {[%emt 0:00:29]} Bd7 {[%emt 0:00:00]} 22. Qd2 {[%emt 0:02:10]} g5 {[%emt 0:00:00]} 23. Nxc6 {[%emt 0:04:05]} bxc6 {[%emt 0:00:00]} 24. Qd4 {[%emt 0:00:05]} Qd6 {[%emt 0:00:00]} 25. Bb4 {[%emt 0:00:05]} Qf6 {[%emt 0:00:00]} 26. Qc5 {[%emt 0:00:56]} Rge8 {[%emt 0:00:00]} 27. Bc3 {[%emt 0:00:28]} Qg6 {[%emt 0:00:00]} 28. Rfe1 {[%emt 0:01:00]} g4 {[%emt 0:02:18]} 29. Be5 {[%emt 0:01:42]} Re6 {[%emt 0:01:22]} 30. Qb6 {[%emt 0:00:48]} Qg8 {[%emt 0:01:41]} 31. Bc3 {[%emt 0:00:53]} Re4 {[%emt 0:05:02]} 32. Qc7 {[%emt 0:01:19]} Qd8 {[%emt 0:01:12]} 33. Qd6 {[%emt 0:00:11]} Qe7 {[%emt 0:00:47]} 34. Qh6 {[%emt 0:00:45]} Kg8 {[%emt 0:00:29]} 35. f3 {[%emt 0:00:53]} Rxe1+ {[%emt 0:04:54]} 36. Rxe1 {[%emt 0:00:07]} Qf7 {[%emt 0:00:05]} 37. Qg5+ {[%emt 0:01:22]} Qg6 {[%emt 0:00:16]} 38. Qe7 {[%emt 0:00:47]} gxf3 {[%emt 0:01:08]} 39. g3 {[%emt 0:00:11]} d4 {[%emt 0:00:26]} 40. Qxd7 {[%emt 0:00:47]} dxc3 {[%emt 0:00:07]} 41. bxc3 {[%emt 0:00:39]} f4 {[%emt 0:01:28]} 42. g4 {[%emt 0:00:29]} Qc2 {[%emt 0:00:44]} 43. Qe6+ {[%emt 0:00:13]} Kg7 {[%emt 0:00:06]} 44. Qe5+ {[%emt 0:00:13]} Kg8 {[%emt 0:00:11]} 45. Qe6+ {[%emt 0:00:33]} Kg7 {[%emt 0:00:08]} 46. Qd7+ {[%emt 0:00:31]} Kg8 {[%emt 0:00:21]} 47. Qe6+ {[%emt 0:00:59]} Kg7 {[%emt 0:00:19]} 48. Qe5+ {[%emt 0:00:07]} Kg8 {[%emt 0:00:05]} 49. Qg5+ {[%emt 0:00:23]} Kh8 {[%emt 0:00:18]} 50. Qf6+ {[%emt 0:00:34]} Kg8 {[%emt 0:00:12]} 51. Qe6+ {[%emt 0:00:22]} Kg7 {[%emt 0:00:07]} 52. Qd7+ {[%emt 0:00:09]} Kg8 {[%emt 0:00:09]} 53. Qe6+ {[%emt 0:01:23]} Kg7 {[%emt 0:00:10]} 1/2-1/2

[Event "Torneo Benidorm Gran Hotel Bali 2022"]
[Site "Benidorm, Spain"]
[Date "2022.12.08"]
[Round "7.1"]
[White "Md, Imran"]
[Black "Davtyan, David Arm."]
[Result "0-1"]
[WhiteElo "2279"]
[BlackElo "2329"]
[PlyCount "132"]
[EventDate "2022.12.03"]
[EventType "swiss"]
[EventRounds "9"]
[SourceTitle "Ajedrez en Madrid"]
[Source "lmi"]
[SourceDate "2022.12.03"]
[SourceVersion "1"]
[SourceVersionDate "2022.12.10"]
[SourceQuality "1"]
[TimeControl "90+30"]
[WhiteClock "0:10:31"]
[BlackClock "0:06:52"]

1. d4 {[%emt 0:00:00]} Nf6 {[%emt 0:00:00]} 2. Nf3 {[%emt 0:00:00]} d5 {[%emt 0:00:00]} 3. Bf4 {[%emt 0:00:00]} c5 {[%emt 0:00:00]} 4. e3 {[%emt 0:00:00]} Nc6 {[%emt 0:00:00]} 5. Nbd2 {[%emt 0:00:00]} cxd4 {[%emt 0:00:00]} 6. exd4 {[%emt 0:00:00]} Qb6 {[%emt 0:00:00]} 7. Nb3 {[%emt 0:00:00]} Bg4 {[%emt 0:00:00]} 8. h3 {[%emt 0:00:00]} Bh5 {[%emt 0:00:00]} 9. a4 {[%emt 0:00:00]} a6 {[%emt 0:00:00]} 10. a5 {[%emt 0:00:00]} Qd8 {[%emt 0:00:00]} 11. g4 {[%emt 0:00:00]} Bg6 {[%emt 0:00:00]} 12. Ne5 {[%emt 0:00:00]} e6 {[%emt 0:00:00]} 13. h4 {[%emt 0:00:00]} Nxe5 {[%emt 0:00:00]} 14. dxe5 {[%emt 0:00:00]} Qc7 {[%emt 0:00:00]} 15. Rc1 {[%emt 0:00:00]} h5 {[%emt 0:00:00]} 16. Qd4 {[%emt 0:00:00]} Nd7 {[%emt 0:00:00]} 17. c4 {[%emt 0:00:00]} Bb4+ {[%emt 0:00:00]} 18. Ke2 {[%emt 0:00:00]} Nc5 {[%emt 0:00:00]} 19. Nxc5 {[%emt 0:00:00]} Bxc5 {[%emt 0:00:00]} 20. cxd5 {[%emt 0:00:00]} Bxd4 {[%emt 0:00:00]} 21. Rxc7 {[%emt 0:00:00]} Be4 {[%emt 0:00:00]} 22. dxe6 {[%emt 0:00:00]} fxe6 {[%emt 0:00:00]} 23. f3 {[%emt 0:00:00]} Bc6 {[%emt 0:00:00]} 24. Rxg7 {[%emt 0:00:00]} Rf8 {[%emt 0:00:00]} 25. Bg5 {[%emt 0:00:00]} Rxf3 {[%emt 0:00:00]} 26. Rh3 {[%emt 0:00:00]} Rf2+ {[%emt 0:00:00]} 27. Ke1 {[%emt 0:00:00]} hxg4 {[%emt 0:00:00]} 28. Rd3 {[%emt 0:00:00]} Bc5 {[%emt 0:00:00]} 29. Rc3 {[%emt 0:02:37]} Bf8 {[%emt 0:00:00]} 30. Rh7 {[%emt 0:04:32]} Rf7 {[%emt 0:00:35]} 31. Rh8 {[%emt 0:00:16]} Kd7 {[%emt 0:00:56]} 32. Bf6 {[%emt 0:00:49]} g3 {[%emt 0:00:40]} 33. Rg8 {[%emt 0:01:04]} g2 {[%emt 0:01:17]} 34. Bxg2 {[%emt 0:00:14]} Bxg2 {[%emt 0:00:21]} 35. Rxg2 {[%emt 0:00:06]} Bb4 {[%emt 0:00:03]} 36. Rd2+ {[%emt 0:00:57]} Ke8 {[%emt 0:00:01]} 37. Ke2 {[%emt 0:00:34]} Bxc3 {[%emt 0:00:14]} 38. bxc3 {[%emt 0:00:04]} Rc8 {[%emt 0:00:48]} 39. Rd6 {[%emt 0:00:13]} Rfc7 {[%emt 0:04:25]} 40. Rxe6+ {[%emt 0:00:06]} Kf7 {[%emt 0:00:02]} 41. Rb6 {[%emt 0:00:08]} Rxc3 {[%emt 0:00:25]} 42. Rxb7+ {[%emt 0:00:06]} Ke6 {[%emt 0:00:01]} 43. Rb6+ {[%emt 0:00:58]} Kf5 {[%emt 0:00:05]} 44. h5 {[%emt 0:01:05]} Rh3 {[%emt 0:00:31]} 45. Kd2 {[%emt 0:00:47]} Rg8 {[%emt 0:00:19]} 46. Rd6 {[%emt 0:00:58]} Rg2+ {[%emt 0:00:55]} 47. Kc1 {[%emt 0:00:04]} Rxh5 {[%emt 0:02:27]} 48. Rd2 {[%emt 0:00:14]} Rh1+ {[%emt 0:03:46]} 49. Kc2 {[%emt 0:00:05]} Rgg1 {[%emt 0:00:08]} 50. Kb3 {[%emt 0:01:01]} Rb1+ {[%emt 0:00:30]} 51. Rb2 {[%emt 0:00:35]} Rbc1 {[%emt 0:01:20]} 52. Rc2 {[%emt 0:00:22]} Rb1+ {[%emt 0:00:46]} 53. Rb2 {[%emt 0:00:08]} Rh3+ {[%emt 0:00:10]} 54. Ka2 {[%emt 0:00:13]} Rd1 {[%emt 0:00:10]} 55. Rb3 {[%emt 0:02:21]} Rhh1 {[%emt 0:00:45]} 56. Ra3 {[%emt 0:01:17]} Rd2+ {[%emt 0:02:59]} 57. Kb3 {[%emt 0:00:05]} Rd3+ {[%emt 0:00:45]} 58. Ka4 {[%emt 0:00:22]} Rd4+ {[%emt 0:00:09]} 59. Kb3 {[%emt 0:00:04]} Rh3+ {[%emt 0:00:45]} 60. Kb2 {[%emt 0:00:13]} Rb4+ {[%emt 0:00:24]} 61. Ka2 {[%emt 0:00:13]} Rh2+ {[%emt 0:00:06]} 62. Ka1 {[%emt 0:00:08]} Rf4 {[%emt 0:00:36]} 63. Rb3 {[%emt 0:00:29]} Ra4+ {[%emt 0:00:06]} 64. Kb1 {[%emt 0:00:07]} Rxa5 {[%emt 0:00:02]} 65. Rb2 {[%emt 0:00:19]} Rb5 {[%emt 0:00:05]} 66. Rxb5 {[%emt 0:00:05]} axb5 {[%emt 0:00:01]} 0-1

[Event "Torneo Benidorm Gran Hotel Bali 2022"]
[Site "Benidorm, Spain"]
[Date "2022.12.08"]
[Round "7.2"]
[White "Korneev, Oleg"]
[Black "Aguilera Lopez, Alejandro"]
[Result "1-0"]
[WhiteElo "2481"]
[BlackElo "2184"]
[PlyCount "49"]
[EventDate "2022.12.03"]
[EventType "swiss"]
[EventRounds "9"]
[SourceTitle "Ajedrez en Madrid"]
[Source "lmi"]
[SourceDate "2022.12.03"]
[SourceVersion "1"]
[SourceVersionDate "2022.12.10"]
[SourceQuality "1"]
[TimeControl "90+30"]
[WhiteClock "0:21:07"]
[BlackClock "0:14:58"]

1. e4 {[%emt 0:00:00]} c5 {[%emt 0:00:00]} 2. Nf3 {[%emt 0:00:00]} e6 {[%emt 0:00:00]} 3. Be2 {[%emt 0:00:00]} Nc6 {[%emt 0:00:00]} 4. O-O {[%emt 0:00:00]} Nf6 {[%emt 0:00:00]} 5. Nc3 {[%emt 0:00:00]} Be7 {[%emt 0:00:00]} 6. d4 {[%emt 0:00:00]} cxd4 {[%emt 0:00:00]} 7. Nxd4 {[%emt 0:00:00]} d6 {[%emt 0:00:00]} 8. f4 {[%emt 0:00:00]} Qc7 {[%emt 0:00:00]} 9. Be3 {[%emt 0:00:00]} a6 {[%emt 0:00:00]} 10. Qe1 {[%emt 0:00:00]} b5 {[%emt 0:00:00]} 11. Nxc6 {[%emt 0:00:00]} Qxc6 {[%emt 0:00:00]} 12. Bf3 {[%emt 0:00:00]} e5 {[%emt 0:00:00]} 13. Nd5 {[%emt 0:00:00]} Nxd5 {[%emt 0:00:00]} 14. exd5 {[%emt 0:00:00]} Qxc2 {[%emt 0:00:00]} 15. fxe5 {[%emt 0:00:00]} O-O {[%emt 0:00:00]} 16. Bd4 {[%emt 0:00:00]} Bf5 {[%emt 0:00:00]} 17. Qg3 {[%emt 0:00:00]} Bg6 {[%emt 0:00:00]} 18. exd6 {[%emt 0:00:00]} Bf6 {[%emt 0:00:00]} 19. Bxf6 {[%emt 0:00:00]} gxf6 {[%emt 0:00:00]} 20. h4 {[%emt 0:00:00]} Kh8 {[%emt 0:00:00]} 21. Qf4 {[%emt 0:00:00]} Qxb2 {[%emt 0:00:00]} 22. h5 {[%emt 0:00:00]} Bc2 {[%emt 0:00:00]} 23. Rac1 {[%emt 0:00:00]} Ba4 {[%emt 0:00:00]} 24. Rfe1 {[%emt 0:00:00]} b4 {[%emt 0:00:00]} 25. Re2 {[%emt 0:00:00]} 1-0

[Event "Torneo Benidorm Gran Hotel Bali 2022"]
[Site "Benidorm, Spain"]
[Date "2022.12.08"]
[Round "7.3"]
[White "Aditya, Varun Gampa"]
[Black "Sos Andreu, Eric"]
[Result "1-0"]
[WhiteElo "2249"]
[BlackElo "2364"]
[PlyCount "45"]
[EventDate "2022.12.03"]
[EventType "swiss"]
[EventRounds "9"]
[SourceTitle "Ajedrez en Madrid"]
[Source "lmi"]
[SourceDate "2022.12.03"]
[SourceVersion "1"]
[SourceVersionDate "2022.12.10"]
[SourceQuality "1"]
[TimeControl "90+30"]
[WhiteClock "0:22:08"]
[BlackClock "0:16:03"]

1. e4 {[%emt 0:00:00]} c6 {[%emt 0:00:00]} 2. d4 {[%emt 0:00:00]} d5 {[%emt 0:00:00]} 3. e5 {[%emt 0:00:00]} Bf5 {[%emt 0:00:00]} 4. h4 {[%emt 0:00:00]} h5 {[%emt 0:00:00]} 5. c4 {[%emt 0:00:00]} e6 {[%emt 0:00:00]} 6. Nc3 {[%emt 0:00:00]} Ne7 {[%emt 0:00:00]} 7. Nge2 {[%emt 0:00:00]} Nd7 {[%emt 0:00:00]} 8. Ng3 {[%emt 0:00:00]} Bg6 {[%emt 0:00:00]} 9. Bg5 {[%emt 0:00:00]} Qb6 {[%emt 0:00:00]} 10. Rc1 {[%emt 0:00:00]} dxc4 {[%emt 0:00:00]} 11. Bxc4 {[%emt 0:00:00]} Rd8 {[%emt 0:00:00]} 12. Na4 {[%emt 0:00:00]} Qa5+ {[%emt 0:00:00]} 13. b4 {[%emt 0:00:00]} Qc7 {[%emt 0:00:00]} 14. O-O {[%emt 0:00:00]} Nb6 {[%emt 0:00:00]} 15. Be2 {[%emt 0:00:00]} Nxa4 {[%emt 0:00:00]} 16. Qxa4 {[%emt 0:00:00]} a6 {[%emt 0:00:00]} 17. Bf3 {[%emt 0:00:00]} Rxd4 {[%emt 0:00:00]} 18. Ne2 {[%emt 0:00:00]} Rd7 {[%emt 0:00:00]} 19. Nf4 {[%emt 0:00:00]} Qxe5 {[%emt 0:00:00]} 20. Nxg6 {[%emt 0:00:00]} Nxg6 {[%emt 0:00:00]} 21. Rxc6 {[%emt 0:00:00]} bxc6 {[%emt 0:00:00]} 22. Bxc6 {[%emt 0:00:00]} Qc7 {[%emt 0:00:00]} 23. Bxd7+ {[%emt 0:01:59]} 1-0

[Event "Torneo Benidorm Gran Hotel Bali 2022"]
[Site "Benidorm, Spain"]
[Date "2022.12.08"]
[Round "7.4"]
[White "Mingarro Carceller, Sergi"]
[Black "Valdepenas Octavio, Javier"]
[Result "1-0"]
[WhiteElo "2330"]
[BlackElo "2216"]
[PlyCount "81"]
[EventDate "2022.12.03"]
[EventType "swiss"]
[EventRounds "9"]
[SourceTitle "Ajedrez en Madrid"]
[Source "lmi"]
[SourceDate "2022.12.03"]
[SourceVersion "1"]
[SourceVersionDate "2022.12.10"]
[SourceQuality "1"]
[TimeControl "90+30"]
[WhiteClock "0:03:38"]
[BlackClock "0:00:32"]

1. e4 {[%emt 0:00:00]} c5 {[%emt 0:00:00]} 2. Nf3 {[%emt 0:00:00]} Nc6 {[%emt 0:00:00]} 3. d4 {[%emt 0:00:00]} cxd4 {[%emt 0:00:00]} 4. Nxd4 {[%emt 0:00:00]} e5 {[%emt 0:00:00]} 5. Nb5 {[%emt 0:00:00]} d6 {[%emt 0:00:00]} 6. c4 {[%emt 0:00:15]} Be7 {[%emt 0:00:00]} 7. N1c3 {[%emt 0:00:00]} Nf6 {[%emt 0:00:00]} 8. Bg5 {[%emt 0:00:00]} a6 {[%emt 0:00:00]} 9. Bxf6 {[%emt 0:00:00]} gxf6 {[%emt 0:00:00]} 10. Na3 {[%emt 0:00:00]} f5 {[%emt 0:00:00]} 11. Bd3 {[%emt 0:00:00]} f4 {[%emt 0:00:00]} 12. Nc2 {[%emt 0:00:00]} Be6 {[%emt 0:00:00]} 13. g3 {[%emt 0:00:00]} Qb6 14. Qd2 {[%emt 0:00:00]} Rc8 15. O-O-O {[%emt 0:09:31]} Nd4 {[%emt 0:05:45]} 16. gxf4 {[%emt 0:00:00]} exf4 {[%emt 0:00:00]} 17. Qxf4 {[%emt 0:00:00]} Nxc2 {[%emt 0:00:00]} 18. Bxc2 {[%emt 0:00:00]} Rxc4 {[%emt 0:00:00]} 19. Rd3 {[%emt 0:00:00]} Qc5 {[%emt 0:00:00]} 20. Kb1 {[%emt 0:00:00]} Qe5 {[%emt 0:00:00]} 21. Qe3 {[%emt 0:00:00]} Bg5 {[%emt 0:00:15]} 22. Qb6 {[%emt 0:00:00]} O-O {[%emt 0:02:09]} 23. Qxd6 {[%emt 0:00:00]} Qxd6 {[%emt 0:00:39]} 24. Rxd6 {[%emt 0:00:00]} Bf4 {[%emt 0:01:25]} 25. Rdd1 {[%emt 0:00:00]} Rc5 {[%emt 0:00:55]} 26. Ne2 {[%emt 0:00:00]} Bh6 {[%emt 0:00:03]} 27. Nd4 {[%emt 0:00:00]} Rfc8 {[%emt 0:01:01]} 28. Bb3 {[%emt 0:00:00]} Bxb3 {[%emt 0:01:15]} 29. axb3 {[%emt 0:00:00]} Kf8 {[%emt 0:01:14]} 30. f4 {[%emt 0:01:52]} Ke8 {[%emt 0:00:30]} 31. Rhf1 {[%emt 0:00:34]} Rh5 {[%emt 0:00:55]} 32. Nf5 {[%emt 0:00:28]} Bf8 {[%emt 0:00:39]} 33. Rf2 {[%emt 0:00:41]} Rh3 {[%emt 0:00:07]} 34. Rd5 {[%emt 0:01:29]} f6 {[%emt 0:00:16]} 35. Ka2 {[%emt 0:00:58]} Rc5 {[%emt 0:01:04]} 36. Ng7+ {[%emt 0:00:52]} Kf7 {[%emt 0:00:17]} 37. Rd7+ {[%emt 0:00:02]} Kg8 {[%emt 0:00:48]} 38. Ne6 {[%emt 0:00:59]} Rc8 {[%emt 0:00:41]} 39. Rg2+ {[%emt 0:00:16]} Kh8 {[%emt 0:00:03]} 40. Nd8 {[%emt 0:00:08]} h5 {[%emt 0:00:57]} 41. Nf7+ {[%emt 0:00:17]} 1-0

[Event "Torneo Benidorm Gran Hotel Bali 2022"]
[Site "Benidorm, Spain"]
[Date "2022.12.08"]
[Round "7.5"]
[White "Kovacevic, Slobodan"]
[Black "Luque Saiz, Andres"]
[Result "1/2-1/2"]
[WhiteElo "2224"]
[BlackElo "2286"]
[PlyCount "28"]
[EventDate "2022.12.03"]
[EventType "swiss"]
[EventRounds "9"]
[SourceTitle "Ajedrez en Madrid"]
[Source "lmi"]
[SourceDate "2022.12.03"]
[SourceVersion "1"]
[SourceVersionDate "2022.12.10"]
[SourceQuality "1"]
[TimeControl "90+30"]
[WhiteClock "1:23:02"]
[BlackClock "1:10:28"]

1. d4 {[%emt 0:02:28]} e6 {[%emt 0:00:00]} 2. Nf3 {[%emt 0:00:00]} f5 {[%emt 0:00:00]} 3. Bf4 {[%emt 0:00:00]} Nf6 {[%emt 0:00:00]} 4. e3 {[%emt 0:00:00]} b6 {[%emt 0:00:00]} 5. Nbd2 {[%emt 0:00:00]} Bb7 {[%emt 0:00:00]} 6. Bd3 {[%emt 0:00:00]} Nc6 {[%emt 0:00:00]} 7. c3 {[%emt 0:00:00]} Bd6 {[%emt 0:00:00]} 8. Qe2 {[%emt 0:00:00]} Bxf4 {[%emt 0:00:00]} 9. exf4 {[%emt 0:00:00]} Ne7 {[%emt 0:00:00]} 10. g3 {[%emt 0:00:00]} O-O {[%emt 0:00:00]} 11. Ba6 {[%emt 0:00:00]} Bd5 {[%emt 0:00:00]} 12. Bc4 {[%emt 0:00:00]} Bb7 {[%emt 0:00:00]} 13. Ba6 {[%emt 0:00:00]} Bd5 {[%emt 0:00:00]} 14. Bc4 {[%emt 0:00:00]} Bb7 {[%emt 0:00:00]} 1/2-1/2

[Event "Torneo Benidorm Gran Hotel Bali 2022"]
[Site "Benidorm, Spain"]
[Date "2022.12.08"]
[Round "7.6"]
[White "Shaik, Sumer Arsh"]
[Black "Chia, Yu Zhe Ashton"]
[Result "1-0"]
[WhiteElo "2290"]
[BlackElo "1970"]
[PlyCount "85"]
[EventDate "2022.12.03"]
[EventType "swiss"]
[EventRounds "9"]
[SourceTitle "Ajedrez en Madrid"]
[Source "lmi"]
[SourceDate "2022.12.03"]
[SourceVersion "1"]
[SourceVersionDate "2022.12.10"]
[SourceQuality "1"]
[TimeControl "90+30"]
[WhiteClock "0:01:43"]
[BlackClock "0:00:42"]

1. Nf3 {[%emt 0:00:00]} Nf6 {[%emt 0:00:00]} 2. c4 {[%emt 0:00:00]} e6 {[%emt 0:00:00]} 3. g3 {[%emt 0:00:00]} b6 {[%emt 0:00:00]} 4. Bg2 {[%emt 0:00:00]} Bb7 {[%emt 0:00:00]} 5. O-O {[%emt 0:00:00]} Be7 {[%emt 0:00:00]} 6. Nc3 {[%emt 0:00:00]} c5 {[%emt 0:00:00]} 7. d4 {[%emt 0:00:00]} cxd4 {[%emt 0:00:00]} 8. Qxd4 {[%emt 0:00:00]} Nc6 {[%emt 0:00:00]} 9. Qf4 {[%emt 0:00:00]} a6 {[%emt 0:00:00]} 10. Rd1 {[%emt 0:00:00]} O-O {[%emt 0:00:00]} 11. e4 {[%emt 0:00:00]} d6 {[%emt 0:00:00]} 12. b3 {[%emt 0:00:00]} Qc7 {[%emt 0:00:00]} 13. Ba3 {[%emt 0:00:00]} Rfd8 {[%emt 0:00:00]} 14. Rac1 {[%emt 0:00:00]} Ne5 {[%emt 0:00:00]} 15. h3 {[%emt 0:00:00]} Rac8 {[%emt 0:00:00]} 16. Qe3 {[%emt 0:00:00]} Nxf3+ {[%emt 0:00:00]} 17. Bxf3 {[%emt 0:00:00]} h6 {[%emt 0:00:00]} 18. Qd4 {[%emt 0:00:00]} Rb8 {[%emt 0:00:00]} 19. h4 {[%emt 0:00:00]} Ba8 {[%emt 0:00:00]} 20. Bb2 {[%emt 0:00:00]} Bf8 {[%emt 0:00:00]} 21. Qe3 {[%emt 0:01:35]} Be7 {[%emt 0:00:00]} 22. Ne2 {[%emt 0:05:11]} Nd7 {[%emt 0:00:00]} 23. Nf4 {[%emt 0:00:18]} Ne5 {[%emt 0:00:00]} 24. Bg2 {[%emt 0:00:44]} Bf8 {[%emt 0:00:00]} 25. Nh5 {[%emt 0:02:23]} f6 {[%emt 0:05:46]} 26. Qe2 {[%emt 0:00:54]} Qf7 {[%emt 0:00:35]} 27. Nf4 {[%emt 0:02:30]} g6 {[%emt 0:02:31]} 28. b4 {[%emt 0:01:15]} Bc6 {[%emt 0:00:48]} 29. Nd3 {[%emt 0:00:36]} Rbc8 {[%emt 0:03:48]} 30. f4 {[%emt 0:00:29]} Nxd3 {[%emt 0:00:56]} 31. Qxd3 {[%emt 0:00:05]} b5 {[%emt 0:00:35]} 32. Qd4 {[%emt 0:00:46]} Be7 {[%emt 0:01:19]} 33. Bf1 {[%emt 0:00:36]} Kh7 {[%emt 0:01:02]} 34. cxb5 {[%emt 0:00:31]} axb5 {[%emt 0:00:02]} 35. a4 {[%emt 0:00:13]} f5 {[%emt 0:00:39]} 36. exf5 {[%emt 0:00:14]} gxf5 {[%emt 0:00:01]} 37. Bxb5 {[%emt 0:00:46]} Bf3 {[%emt 0:00:07]} 38. Rf1 {[%emt 0:00:23]} Bd5 {[%emt 0:01:29]} 39. Kh2 {[%emt 0:00:33]} Rg8 {[%emt 0:00:26]} 40. Rxc8 {[%emt 0:00:30]} Rxc8 {[%emt 0:00:32]} 41. Bd3 {[%emt 0:00:02]} Qg6 {[%emt 0:00:29]} 42. Rc1 {[%emt 0:00:35]} Bxh4 {[%emt 0:00:43]} 43. Qa7+ {[%emt 0:00:08]} 1-0

[Event "Torneo Benidorm Gran Hotel Bali 2022"]
[Site "Benidorm, Spain"]
[Date "2022.12.08"]
[Round "7.7"]
[White "Granero Roca, Antonio"]
[Black "Garcia Amoros, Pablo"]
[Result "1-0"]
[WhiteElo "2345"]
[BlackElo "2076"]
[PlyCount "83"]
[EventDate "2022.12.03"]
[EventType "swiss"]
[EventRounds "9"]
[SourceTitle "Ajedrez en Madrid"]
[Source "lmi"]
[SourceDate "2022.12.03"]
[SourceVersion "1"]
[SourceVersionDate "2022.12.10"]
[SourceQuality "1"]
[TimeControl "90+30"]
[WhiteClock "0:55:12"]
[BlackClock "0:43:37"]

1. d4 {[%emt 0:00:00]} Nf6 {[%emt 0:00:00]} 2. c4 {[%emt 0:00:00]} d6 {[%emt 0:00:00]} 3. Nf3 {[%emt 0:00:00]} g6 {[%emt 0:00:00]} 4. Nc3 {[%emt 0:00:00]} Bf5 {[%emt 0:00:00]} 5. d5 {[%emt 0:00:00]} Bg7 {[%emt 0:00:00]} 6. Nd4 {[%emt 0:00:00]} Bd7 {[%emt 0:00:00]} 7. e4 {[%emt 0:00:00]} e5 {[%emt 0:00:00]} 8. Nc2 {[%emt 0:00:00]} a5 {[%emt 0:00:00]} 9. Be2 {[%emt 0:00:00]} Na6 {[%emt 0:00:00]} 10. Be3 {[%emt 0:00:00]} Nc5 {[%emt 0:00:00]} 11. f3 {[%emt 0:00:00]} Nh5 {[%emt 0:00:00]} 12. g3 {[%emt 0:00:00]} O-O {[%emt 0:00:00]} 13. Qd2 {[%emt 0:00:00]} f5 {[%emt 0:00:00]} 14. exf5 {[%emt 0:00:00]} gxf5 {[%emt 0:00:00]} 15. O-O-O {[%emt 0:00:00]} f4 {[%emt 0:00:00]} 16. Bxc5 {[%emt 0:00:00]} dxc5 {[%emt 0:00:00]} 17. Ne4 {[%emt 0:00:00]} b6 {[%emt 0:00:00]} 18. g4 {[%emt 0:00:00]} Nf6 {[%emt 0:00:00]} 19. Bd3 {[%emt 0:00:00]} Ne8 {[%emt 0:00:00]} 20. Qe2 {[%emt 0:00:00]} Nd6 {[%emt 0:00:00]} 21. Na3 {[%emt 0:00:00]} Qh4 {[%emt 0:00:00]} 22. Nb1 {[%emt 0:00:00]} Be8 {[%emt 0:00:00]} 23. Nbc3 {[%emt 0:00:00]} Rd8 {[%emt 0:00:00]} 24. Kb1 {[%emt 0:00:00]} Nxe4 {[%emt 0:00:00]} 25. Bxe4 {[%emt 0:00:00]} Rd6 {[%emt 0:04:12]} 26. Qc2 {[%emt 0:00:00]} Rh6 {[%emt 0:00:00]} 27. a3 {[%emt 0:00:00]} Qe7 {[%emt 0:00:00]} 28. h4 {[%emt 0:00:00]} Rxh4 {[%emt 0:00:00]} 29. Bxh7+ {[%emt 0:00:00]} Kh8 {[%emt 0:00:00]} 30. Be4 {[%emt 0:00:00]} Bh6 {[%emt 0:00:00]} 31. Qf2 {[%emt 0:00:00]} Rxh1 {[%emt 0:00:00]} 32. Rxh1 {[%emt 0:00:00]} Qg5 {[%emt 0:00:00]} 33. Bc2 {[%emt 0:00:00]} Bg6 {[%emt 0:00:00]} 34. Bxg6 {[%emt 0:00:00]} Qxg6+ {[%emt 0:00:00]} 35. Ne4 {[%emt 0:00:00]} Kg7 {[%emt 0:00:00]} 36. g5 {[%emt 0:00:00]} Bxg5 {[%emt 0:00:00]} 37. Rg1 {[%emt 0:00:00]} Rf5 {[%emt 0:00:00]} 38. Qg2 {[%emt 0:00:00]} Kh6 {[%emt 0:00:30]} 39. Qh3+ {[%emt 0:00:00]} Kg7 {[%emt 0:00:00]} 40. Qxf5 {[%emt 0:00:00]} Qxf5 {[%emt 0:00:00]} 41. Rxg5+ {[%emt 0:00:00]} Qxg5 {[%emt 0:00:00]} 42. Nxg5 {[%emt 0:00:00]} 1-0